00310nam a2200133Ia 450000500170000000800460001703700120006304000200007504100130009508400220010810000130013024500230014330000100016620250508162510.0008 250505s9999 xx 000 0 hin d aTextual aFEDLbengcFEDL ahin2eng a891.43, NAGqFEDL aNagendra 0aAalochak ki aastha a176p.